| 000 | 00530nam a22001937a 4500 | ||
|---|---|---|---|
| 003 | MPLRDC | ||
| 005 | 20220104124025.0 | ||
| 008 | 210129b ||||| |||| 00| 0 eng d | ||
| 020 | _a7-80657-746-7 | ||
| 082 | _a873.84 LEW v.5 c.2 | ||
| 100 | _aC. S. LEWIS | ||
| 245 |
_a能言马与男孩 _c吴岩 译 |
||
| 250 | _a二版一刷 | ||
| 260 |
_a中国 _b译林出版社 _c2005 |
||
| 300 | _b168 | ||
| 490 | _a纳尼亚传奇 THE CHRONICLES OF NARNIA | ||
| 650 | _a英国文学--长篇小说 | ||
| 942 |
_cBK _o873.84 LEW v.5 c.2 |
||
| 999 |
_c16044 _d16034 |
||